000
00317nam a2200133Ia 4500
005
20251222140049.0
008
251222s1900||||xx |||||||||||||| ||spa||
082
_a
109/G17
100
_a
Gambra Ciudad, Rafael
245
0
_a
Historia Sencilla de la FilosofĂa
250
_a
6a.ed.
264
_b
Rialp1972
942
_c
LIB
999
_c
3535
_d
3535